[Event "AUTO-OPEN-1375"]
[Site "http://www.queenalice.com/game.php?id=510657"]
[Date "2008.12.21"]
[Round "1"]
[White "AWeiler"]
[Black "prefex"]
[Result "1-0"]
[WhiteElo "1592"]
[BlackElo "1094"]

1. d4 d5 2. Nf3 Nf6 3. e3 Ne4 4. Nbd2 Nc6 5. Bd3 Nf6 6. c4 dxc4 7. Nxc4 g6 8. b4
Nxb4 9. Nce5 Qd5 10. Bc4 Qe4 11. Qa4+ Nc6 12. Bxf7+ Kd8 13. Bb3 1-0

[Event "AUTO-OPEN-1375"]
[Site "http://www.queenalice.com/game.php?id=510684"]
[Date "2008.12.21"]
[Round "1"]
[White "marysson"]
[Black "AWeiler"]
[Result "0-1"]
[WhiteElo "1283"]
[BlackElo "1590"]

1. Nf3 c5 2. e4 g6 3. Nc3 Bg7 4. d4 Qa5 5. Bc4 cxd4 6. Nxd4 Qc5 7. Nce2 Qxc4 8.
c3 Nf6 9. O-O Nxe4 10. Be3 a6 11. b3 Qc7 12. Qd3 Nc5 13. Qc2 d6 14. b4 Ne6 15.
a3 Nxd4 16. Nxd4 Nc6 17. Nxc6 Qxc6 18. Rad1 Bf5 19. Qb3 Be6 20. Qc2 Qxc3 21.
Qxc3 Bxc3 22. Bb6 Bc4 23. Rc1 Bxf1 24. Kxf1 Rc8 0-1

[Event "AUTO-OPEN-1375"]
[Site "http://www.queenalice.com/game.php?id=510685"]
[Date "2008.12.21"]
[Round "1"]
[White "AWeiler"]
[Black "marysson"]
[Result "1-0"]
[WhiteElo "1500"]
[BlackElo "1280"]

1. c4 c5 2. g3 d6 3. b3 f6 4. Bg2 Nd7 5. Bb2 e6 6. Nc3 a6 7. Nf3 b6 8. Ng5 Bb7
9. Bxb7 Ra7 10. Nxe6 Qe7 11. Nd5 Rxb7 12. Nxe7 Bxe7 13. Nxg7+ Kf7 14. Nf5 h5 15.
e3 Ne5 16. Bxe5 dxe5 17. Qf3 Rb8 18. a4 Ke6 19. Ng7+ Kf7 20. Nxh5 Ke6 21. g4 Rf8
22. Qd5# 1-0

[Event "AUTO-INT-1161"]
[Site "http://www.queenalice.com/game.php?id=519122"]
[Date "2009.1.8"]
[Round "1"]
[White "AWeiler"]
[Black "tsuki"]
[Result "1-0"]
[WhiteElo "1634"]
[BlackElo "1618"]

1. e4 e5 2. Bc4 Nf6 3. d3 Nc6 4. Nf3 d5 5. exd5 Nxd5 6. O-O Be6 7. Re1 Bd6 8. d4
Qf6 9. dxe5 Nxe5 10. Bxd5 Nxf3+ 11. Qxf3 O-O 12. Qxf6 gxf6 13. Bxe6 fxe6 14.
Rxe6 Rae8 15. Rxe8 Rxe8 16. Kf1 Bxh2 17. g3 Rd8 18. Nc3 Kf7 19. Kg2 Bxg3 20.
fxg3 f5 21. Bf4 c6 22. Rd1 Rg8 23. Rd7+ Kg6 24. Rxb7 1-0

[Event "AUTO-INT-1161"]
[Site "http://www.queenalice.com/game.php?id=519123"]
[Date "2009.1.8"]
[Round "1"]
[White "tsuki"]
[Black "AWeiler"]
[Result "0-1"]
[WhiteElo "1618"]
[BlackElo "1688"]

1. e4 c5 2. Nf3 g6 3. Nc3 Bg7 4. Bc4 Nc6 5. Ng5 e6 6. d3 Nge7 7. Qf3 O-O 8. O-O
Nd4 9. Qh3 h6 10. Nf3 d5 11. Bb3 h5 12. exd5 exd5 13. Qh4 a5 14. Re1 Ndf5 15.
Qg5 Bh6 16. Qh4 Nxh4 17. Bxh6 Nxf3+ 18. gxf3 Re8 19. Bg5 Be6 20. Re5 Qd6 21.
Rae1 Nc6 22. Nb5 Qd7 23. R5e2 a4 24. Bxd5 Bxd5 25. Be3 Bxf3 0-1

[Event "AUTO-INT-1161"]
[Site "http://www.queenalice.com/game.php?id=519124"]
[Date "2009.1.8"]
[Round "1"]
[White "AWeiler"]
[Black "jld"]
[Result "1-0"]
[WhiteElo "1730"]
[BlackElo "1476"]

1. e4 e5 2. Nf3 f6 3. Nxe5 fxe5 4. Qh5+ g6 5. Qxe5+ Qe7 6. Qxh8 Qg7 7. Qxg7 Bxg7
8. Bc4 Nf6 9. O-O Nxe4 10. Re1 d6 11. c3 Bf5 12. Bd5 Be5 13. Bxb7 c5 14. Bxa8
Nf6 15. d4 Kd7 16. dxe5 dxe5 17. Bg5 Ke6 18. Nd2 Ng4 19. h3 Nf6 20. Bxf6 Kxf6
21. Ne4+ Ke6 22. g4 1-0

[Event "AUTO-INT-1161"]
[Site "http://www.queenalice.com/game.php?id=519125"]
[Date "2009.1.8"]
[Round "1"]
[White "jld"]
[Black "AWeiler"]
[Result "0-1"]
[WhiteElo "1476"]
[BlackElo "1746"]

1. d4 d5 2. c4 dxc4 3. e3 c5 4. dxc5 Qa5+ 5. Nd2 Be6 6. b3 cxb3 7. Bc4 Bxc4 8.
Qf3 Nc6 9. Ne2 Rd8 10. O-O Bxe2 11. Qxe2 b2 12. Nc4 bxa1=Q 13. Bb2 Qxf1+ 14.
Kxf1 Qxc5 15. Ba3 Qd5 16. f4 Qd1+ 17. Kf2 Qxe2+ 18. Kxe2 b5 19. Ne5 Nxe5 20.
fxe5 a5 0-1

[Event "AUTO-INT-1161"]
[Site "http://www.queenalice.com/game.php?id=519126"]
[Date "2009.1.8"]
[Round "1"]
[White "AWeiler"]
[Black "soutricolor2007"]
[Result "1-0"]
[WhiteElo "1782"]
[BlackElo "1588"]

1. c4 Nc6 2. Nc3 e5 3. g3 d6 4. Bg2 Nf6 5. Nf3 Bg4 6. h3 Bxf3 7. Bxf3 h6 8. d3
a6 9. a3 Be7 10. e3 O-O 11. b4 Qd7 12. Bb2 Rab8 13. Rc1 b5 14. cxb5 axb5 15.
Nxb5 Rxb5 16. Bxc6 Qxc6 17. Rxc6 g5 18. e4 Kg7 19. Qe2 Rd8 20. Rxc7 Re8 21. d4
exd4 22. Qxb5 Nxe4 23. Qxe8 Kg6 24. Qxe7 d3 25. Qxf7# 1-0

[Event "AUTO-INT-1161"]
[Site "http://www.queenalice.com/game.php?id=519127"]
[Date "2009.1.8"]
[Round "1"]
[White "soutricolor2007"]
[Black "AWeiler"]
[Result "0-1"]
[WhiteElo "1654"]
[BlackElo "1834"]

1. e4 e6 2. Nc3 d5 3. exd5 exd5 4. f3 Bd6 5. Nxd5 Qh4+ 6. Ke2 Qc4+ 7. Ke1 Qxd5
8. d3 Nc6 9. Be2 Nd4 10. c3 Nxe2 11. Nxe2 Bf5 12. h3 Qxd3 13. Nf4 Qxd1+ 14. Kxd1
O-O-O 15. g3 Bxf4+ 16. Ke2 Bxg3 17. Rg1 Bd3+ 18. Ke3 Nh6 19. Rxg3 Nf5+ 20. Kf4
Nxg3 21. Kxg3 h6 22. f4 Rhe8 23. Bd2 Be2 24. Be1 Rd3+ 25. Kg2 Bf3+ 26. Kf1 Bc6
27. Bg3 Rxg3 28. Kf2 Rg2+ 29. Kf1 Ree2 30. b4 Bb5 31. a4 Ref2+ 32. Ke1 Rf1# 0-1

[Event "Challenge"]
[Site "http://www.queenalice.com/game.php?id=520852"]
[Date "2009.1.11"]
[Round "-"]
[White "Andrei_78"]
[Black "AWeiler"]
[Result "0-1"]
[WhiteElo "1610"]
[BlackElo "1759"]

1. e4 c6 2. d3 d5 3. exd5 cxd5 4. d4 Nc6 5. c3 Nf6 6. h3 Bf5 7. Bd3 Bxd3 8. Qxd3
e6 9. Bg5 Qb6 10. b3 Ne4 11. Be3 Qa5 12. f3 Ng3 13. Rh2 Bd6 14. f4 Qc7 15. Bf2
Bxf4 16. Nf3 Ne4 17. Nbd2 Nxf2 18. Kxf2 Bxh2 19. Rh1 Bg3+ 20. Kg1 a6 21. Nf1 Bd6
22. Ne3 b5 23. Nc2 Rc8 24. Ng5 Nb8 25. Qf3 O-O 26. Qd3 g6 27. Ne3 Qxc3 28. Qe2
Qc1+ 29. Nf1 Qxg5 30. Ne3 Rc1+ 31. Nf1 Rfc8 32. Qf3 R8c2 33. h4 Rxf1+ 34. Kxf1
Qc1+ 0-1

[Event "Challenge"]
[Site "http://www.queenalice.com/game.php?id=558010"]
[Date "2009.3.18"]
[Round "-"]
[White "AWeiler"]
[Black "stephane8cr"]
[Result "1-0"]
[WhiteElo "1798"]
[BlackElo "1913"]

1. c4 d6 2. Nc3 Nf6 3. g3 g6 4. Bg2 Bg7 5. d3 c6 6. e4 Na6 7. Nge2 O-O 8. O-O
Bd7 9. h3 Nc5 10. d4 Ne6 11. a4 Ng5 12. Bxg5 h6 13. Be3 e5 14. dxe5 dxe5 15. Qd2
Kh7 16. Bc5 1-0

[Event "AUTO-OPEN-1375"]
[Site "http://www.queenalice.com/game.php?id=569645"]
[Date "2009.4.10"]
[Round "2"]
[White "AWeiler"]
[Black "Mick_Gray"]
[Result "1-0"]
[WhiteElo "1849"]
[BlackElo "1819"]

1. e4 c5 2. Nc3 Nc6 3. g3 e6 4. Bg2 d5 5. exd5 exd5 6. Bxd5 Bd7 7. d3 Nf6 8. Bg2
Bd6 9. Qe2+ Be5 10. Nf3 Qc7 11. Bf4 O-O 12. Nxe5 Rae8 13. O-O Nxe5 14. Rfe1 Bg4
15. Bxe5 Rxe5 16. Qxe5 Qc8 17. Nd5 Nxd5 18. Qxd5 Be6 19. Qd6 Rd8 20. Bxb7 Qb8
21. Qxb8 Rxb8 22. Bg2 g6 23. b3 Kf8 24. Re5 Rb5 25. Bc6 Rb6 26. Rxc5 Ke7 27. d4
Kd6 28. Bg2 h5 29. Ra5 a6 30. c4 Kc7 31. Re1 Rd6 32. d5 Bd7 33. c5 Rf6 34. d6+
Kc8 35. Rxa6 1-0

[Event "AUTO-OPEN-1375"]
[Site "http://www.queenalice.com/game.php?id=569646"]
[Date "2009.4.10"]
[Round "2"]
[White "Mick_Gray"]
[Black "AWeiler"]
[Result "1-0"]
[WhiteElo "1815"]
[BlackElo "1821"]

1. d4 d5 2. Nf3 Nf6 3. Bg5 Ne4 4. Nbd2 Nxg5 5. Nxg5 e5 6. dxe5 Qxg5 7. e4 Qxe5
8. c3 Be7 9. Bd3 O-O 10. O-O dxe4 11. Bxe4 Nc6 12. Re1 Qf6 13. Qc2 g6 14. Rad1
Be6 15. Bxc6 bxc6 16. a4 a5 17. Re3 Rab8 18. g3 Bc5 19. Rf3 1-0

[Event "AUTO-OPEN-1375"]
[Site "http://www.queenalice.com/game.php?id=569647"]
[Date "2009.4.10"]
[Round "2"]
[White "AWeiler"]
[Black "fabricec121"]
[Result "0-1"]
[WhiteElo "1800"]
[BlackElo "2253"]

1. c4 Nf6 2. Nc3 e6 3. e4 d5 4. e5 Ne4 5. cxd5 exd5 6. Nf3 Nc6 7. Bb5 Bd7 8.
Nxd5 Nxe5 9. Qe2 Bxb5 10. Qxe4 Bd6 11. Nxe5 O-O 12. a4 Re8 13. Ne3 Rxe5 14. Qxb7
Bd3 15. Qf3 Rb8 16. a5 c5 0-1

[Event "AUTO-OPEN-1375"]
[Site "http://www.queenalice.com/game.php?id=569648"]
[Date "2009.4.10"]
[Round "2"]
[White "fabricec121"]
[Black "AWeiler"]
[Result "1-0"]
[WhiteElo "2265"]
[BlackElo "1800"]

1. d4 d5 2. Nf3 Nf6 3. g3 Bg4 4. Bg2 e6 5. O-O Nbd7 6. c4 Bxf3 7. Bxf3 c6 8. Qc2
Be7 9. b3 O-O 10. Bb2 Re8 11. Nd2 Bd6 12. e4 dxe4 13. Nxe4 Nxe4 14. Bxe4 Nf6 15.
Bg2 a5 16. a3 1-0